[Event "Sachsen-ch Seniors op 17th"]
[Site "Dresden"]
[Date "2009.02.13"]
[Round "5"]
[White "Keller, Gottfried"]
[Black "Kahn, Peter"]
[Result "0-1"]
[WhiteElo "1606"]
[BlackElo "1885"]
[PlyCount "35"]
[EventDate "2009.02.09"]
[EventType "swiss"]
[EventRounds "9"]
[EventCountry "GER"]
[SourceTitle "EXT 2022"]
[Source "ChessBase"]
[SourceDate "2021.10.06"]
[SourceVersion "1"]
[SourceVersionDate "2021.10.06"]
[SourceQuality "1"]

1. e4 e5 2. Nf3 Nc6 3. Bc4 Nf6 4. Ng5 d5 5. exd5 b5 6. Bb3 Nd4 7. d6 Nxb3 8. dxc7 Qd5 9. Qf3 Qxf3 10. Nxf3 Nxa1 11. c3 Nc2+ 12. Kd1 Bf5 13. Nxe5 Bd6 14. f4 Bxc7 15. d4 Bxe5 16. fxe5 Ng4 17. Ke2 Nxd4+ 18. cxd4 0-1

[Event "Sachsen-ch Seniors op 17th"]
[Site "Dresden"]
[Date "2009.02.10"]
[Round "2"]
[White "Keller, Gottfried"]
[Black "Weiss, Herbert1111"]
[Result "1-0"]
[WhiteElo "1606"]
[BlackElo "1287"]
[PlyCount "123"]
[EventDate "2009.02.09"]
[EventType "swiss"]
[EventRounds "9"]
[EventCountry "GER"]
[SourceTitle "EXT 2022"]
[Source "ChessBase"]
[SourceDate "2021.10.06"]
[SourceVersion "1"]
[SourceVersionDate "2021.10.06"]
[SourceQuality "1"]

1. e4 c5 2. c3 e5 3. Bc4 Nf6 4. d3 d6 5. h3 Be7 6. Nf3 h6 7. Be3 Nc6 8. a4 Bd7 9. Nbd2 a5 10. 0-0 Qc8 11. Nh2 b6 12. Bb3 Be6 13. Bxe6 Qxe6 14. Nc4 Rb8 15. f4 Qc8 16. Qf3 0-0 17. f5 Kh7 18. g4 Ng8 19. Qg3 Qd8 20. Nf3 f6 21. h4 Qe8 22. Rf2 g6 23. Rg2 Rb7 24. Kf2 b5 25. axb5 Rxb5 26. g5 h5 27. gxf6 Nxf6 28. Kg1 Ng4 29. Ng5+ Kg7 30. Ne6+ Kg8 31. Nxf8 Bxf8 32. Rf1 Rb7 33. f6 Qf7 34. Bg5 Rd7 35. Ne3 Qe6 36. Nxg4 Qxg4 37. Qxg4 hxg4 38. Rxg4 Rh7 39. Ra1 Kf7 40. Rg2 Ke6 41. Rf2 d5 42. exd5+ Kxd5 43. f7 c4 44. dxc4+ Kxc4 45. Kg2 Kb3 46. Rd1 a4 47. Rd7 Na5 48. Rd8 Bc5 49. Rb8+ Kc4 50. f8Q Bxf8 51. Rfxf8 Rd7 52. Rf6 Kd3 53. Rxg6 e4 54. Re6 Nc4 55. Rb4 Rf7 56. Rxe4 Nxb2 57. Re3+ Kc2 58. Re2+ Kxc3 59. Rbxb2 Rg7 60. Rb6 Kd3 61. Ra2 Rc7 62. Ra6 1-0

[Event "EU-chT Seniors 10th"]
[Site "Dresden"]
[Date "2008.02.19"]
[Round "9.4"]
[White "Keller, Gottfried"]
[Black "Guenther, Egbert"]
[Result "0-1"]
[WhiteElo "1599"]
[BlackElo "1837"]
[PlyCount "42"]
[EventDate "2008.02.11"]
[EventType "team-swiss"]
[EventRounds "9"]
[EventCountry "GER"]
[SourceTitle "CBM 122 Extra"]
[Source "ChessBase"]
[SourceDate "2008.03.04"]
[SourceVersion "1"]
[SourceVersionDate "2008.03.04"]
[SourceQuality "1"]
[WhiteTeam "Sweden III"]
[BlackTeam "Dresden Striesen"]
[WhiteTeamCountry "SWE"]
[BlackTeamCountry "GER"]

1. e4 c5 2. c3 Nf6 3. e5 Nd5 4. Qb3 Nb6 5. Nf3 Qc7 6. d4 cxd4 7. cxd4 Qxc1+ 8. Qd1 Qxd1+ 9. Kxd1 d5 10. exd6 exd6 11. Nc3 a6 12. Bd3 d5 13. Re1+ Be7 14. a4 Be6 15. Kd2 Nc6 16. Rad1 0-0 17. h3 Bf6 18. Kc1 Rac8 19. Bc2 Nb4 20. Re2 Nxc2 21. Rxc2 Bf5 0-1

[Event "EU-chT Seniors 10th"]
[Site "Dresden"]
[Date "2008.02.15"]
[Round "5.4"]
[White "Keller, Gottfried"]
[Black "MacGilchrist, Siegrun"]
[Result "1-0"]
[WhiteElo "1599"]
[BlackElo "1821"]
[PlyCount "121"]
[EventDate "2008.02.11"]
[EventType "team-swiss"]
[EventRounds "9"]
[EventCountry "GER"]
[SourceTitle "CBM 122 Extra"]
[Source "ChessBase"]
[SourceDate "2008.03.04"]
[SourceVersion "1"]
[SourceVersionDate "2008.03.04"]
[SourceQuality "1"]
[WhiteTeam "Sweden III"]
[BlackTeam "Scotland"]
[WhiteTeamCountry "SWE"]
[BlackTeamCountry "SCO"]

1. e4 c6 2. d4 d5 3. e5 Bf5 4. a3 e6 5. Nf3 c5 6. c3 Nc6 7. Bb5 Qc7 8. 0-0 a6 9. Qa4 Rc8 10. Bxc6+ Qxc6 11. Qxc6+ Rxc6 12. Be3 c4 13. Nbd2 Rb6 14. Ra2 Ne7 15. Rc1 Nc6 16. Nxc4 dxc4 17. d5 Rb5 18. dxc6 bxc6 19. Nd4 Rxe5 20. Nxc6 Rd5 21. Nb4 Ra5 22. h3 Be4 23. f3 Bb7 24. Rd1 Rb5 25. a4 Re5 26. Bd4 Rg5 27. Kf2 a5 28. Nc2 Rd5 29. Ne3 Rxd4 30. cxd4 Bd5 31. Re1 Bb4 32. Re2 Kd7 33. Ra1 Rc8 34. Rc1 c3 35. bxc3 Rxc3 36. Rxc3 Bxc3 37. Nxd5 exd5 38. Ke3 g6 39. Kd3 Bb4 40. Re5 Kd6 41. Re8 h5 42. g4 hxg4 43. fxg4 Kd7 44. Ra8 Be1 45. Ra6 Ke7 46. h4 Bb4 47. h5 gxh5 48. gxh5 Kf8 49. Ra7 f5 50. Rd7 f4 51. Rxd5 Kg7 52. Ke4 Bd2 53. Rf5 Kh6 54. d5 Bb4 55. Kxf4 Bd6+ 56. Kg4 Bc7 57. d6 Bd8 58. d7 Kg7 59. Re5 Kf7 60. Kf5 Kg7 61. Re8 1-0

[Event "EU-chT Seniors 10th"]
[Site "Dresden"]
[Date "2008.02.13"]
[Round "3.4"]
[White "Keller, Gottfried"]
[Black "Zanger, Konrad"]
[Result "1/2-1/2"]
[WhiteElo "1599"]
[BlackElo "1808"]
[PlyCount "61"]
[EventDate "2008.02.11"]
[EventType "team-swiss"]
[EventRounds "9"]
[EventCountry "GER"]
[SourceTitle "CBM 122 Extra"]
[Source "ChessBase"]
[SourceDate "2008.03.04"]
[SourceVersion "1"]
[SourceVersionDate "2008.03.04"]
[SourceQuality "1"]
[WhiteTeam "Sweden III"]
[BlackTeam "Grossroehrsdorf"]
[WhiteTeamCountry "SWE"]
[BlackTeamCountry "GER"]

1. e4 e5 2. Nf3 d6 3. Bc4 Be7 4. Nc3 Nf6 5. d3 0-0 6. h3 Nc6 7. a3 a6 8. Be3 Na5 9. Ba2 c5 10. 0-0 Nc6 11. Nd5 Rb8 12. c3 b5 13. b4 cxb4 14. axb4 Qd7 15. Nb6 Qd8 16. Nd5 h6 17. Qd2 Kh7 18. Nh2 Ng8 19. Nxe7 Ngxe7 20. f4 f5 21. exf5 Bxf5 22. g4 exf4 23. Rxf4 Bg6 24. Rxf8 Qxf8 25. Rf1 Qd8 26. d4 a5 27. Nf3 Be4 28. Qe1 axb4 29. cxb4 d5 30. Bb1 Qd6 31. Bf2 1/2-1/2

[Event "EU-chT Seniors 10th"]
[Site "Dresden"]
[Date "2008.02.11"]
[Round "1.4"]
[White "Keller, Gottfried"]
[Black "Ashby, Anthony"]
[Result "0-1"]
[WhiteElo "1599"]
[BlackElo "2166"]
[PlyCount "100"]
[EventDate "2008.02.11"]
[EventType "team-swiss"]
[EventRounds "9"]
[EventCountry "GER"]
[SourceTitle "CBM 122 Extra"]
[Source "ChessBase"]
[SourceDate "2008.03.04"]
[SourceVersion "1"]
[SourceVersionDate "2008.03.04"]
[SourceQuality "1"]
[WhiteTeam "Sweden III"]
[BlackTeam "England II"]
[WhiteTeamCountry "SWE"]
[BlackTeamCountry "ENG"]

1. e4 e6 2. d4 d5 3. e5 c5 4. c3 Nc6 5. Nf3 Nh6 6. Bxh6 gxh6 7. a3 Bg7 8. Be2 cxd4 9. cxd4 0-0 10. Qd2 f6 11. Nc3 fxe5 12. Nxe5 Nxe5 13. dxe5 Qg5 14. Qxg5 hxg5 15. h4 gxh4 16. Rxh4 Bxe5 17. Bd3 Rf7 18. Ke2 Bf6 19. Rh5 e5 20. f3 e4 21. Bc2 Bxc3 22. bxc3 Be6 23. Rg5+ Rg7 24. Rxg7+ Kxg7 25. fxe4 Re8 26. Kf2 Rc8 27. Rb1 b6 28. Bb3 Rxc3 29. exd5 Bd7 30. a4 Kf6 31. Ke2 Ke5 32. Kd2 Rg3 33. Re1+ Kd6 34. Bc2 Rxg2+ 35. Kc1 h5 36. Rh1 Rg5 37. Bb3 Kc5 38. Kb2 a6 39. Rh4 b5 40. axb5 axb5 41. Rh2 Re5 42. Rc2+ Kd6 43. Rf2 Bf5 44. Rh2 Bg4 45. Ka3 Re2 46. Rh1 Re4 47. Bc2 Bf3 48. Rh3 Rf4 49. Rg3 Bg4 50. Rc3 b4+ 0-1

[Event "GER-ch Seniors Gp-B 18th"]
[Site "Dresden"]
[Date "2006.07.29"]
[Round "8"]
[White "Keller, Gottfried"]
[Black "Woelbl, Josef"]
[Result "0-1"]
[WhiteElo "1617"]
[BlackElo "1669"]
[PlyCount "86"]
[EventDate "2006.07.22"]
[EventType "swiss"]
[EventRounds "9"]
[EventCountry "GER"]
[SourceTitle "EXT 2022"]
[Source "ChessBase"]
[SourceDate "2021.10.06"]
[SourceVersion "1"]
[SourceVersionDate "2021.10.06"]
[SourceQuality "1"]

1. e4 c5 2. c3 e6 3. d4 Nf6 4. e5 Nd5 5. f4 cxd4 6. cxd4 Nc6 7. Nf3 Bb4+ 8. Bd2 Qb6 9. Nc3 Nxd4 10. Nxd5 Nxf3+ 11. Qxf3 Bxd2+ 12. Kxd2 Qxb2+ 13. Ke3 exd5 14. Be2 Qa3+ 15. Kf2 Qa5 16. Rhd1 Qc5+ 17. Kg3 d4 18. Qe4 Qc6 19. Qxd4 0-0 20. Bf3 Qg6+ 21. Kf2 Re8 22. Be4 Qh6 23. Qe3 Qh4+ 24. Kg1 g6 25. g3 Qe7 26. Rd6 Qd8 27. Bd5 a6 28. Qb3 Re7 29. Rd1 Rb8 30. Rf6 Qf8 31. Be4 Re6 32. Rd6 Rxf6 33. Rxf6 b5 34. Bd5 Bb7 35. Bxb7 Rxb7 36. Qd5 Rc7 37. Rxa6 Qb4 38. Kg2 Rc2+ 39. Kh3 Qe1 40. e6 Qf1+ 41. Kg4 Qe2+ 42. Kg5 Qh5+ 43. Kf6 Qxd5 0-1

[Event "GER-ch Seniors Gp-B 18th"]
[Site "Dresden"]
[Date "2006.07.27"]
[Round "6"]
[White "Keller, Gottfried"]
[Black "Bulano, Alexander"]
[Result "1-0"]
[WhiteElo "1617"]
[BlackElo "1604"]
[PlyCount "21"]
[EventDate "2006.07.22"]
[EventType "swiss"]
[EventRounds "9"]
[EventCountry "GER"]
[SourceTitle "EXT 2022"]
[Source "ChessBase"]
[SourceDate "2021.10.06"]
[SourceVersion "1"]
[SourceVersionDate "2021.10.06"]
[SourceQuality "1"]

1. e4 Nf6 2. Nc3 d5 3. e5 Nfd7 4. d4 Nb6 5. Nf3 Bg4 6. Be2 e6 7. Be3 Bb4 8. 0-0 N8d7 9. a3 Be7 10. h3 Bxf3 11. Bxf3 1-0